Environmental sanitation, wastewater treatment and disposal (Record no. 496)

000 -LEADER
fixed length control field 00680nam a22002417a 4500
001 - CONTROL NUMBER
control field 496
003 - CONTROL NUMBER IDENTIFIER
control field BD-DhUET
008 - FIXED-LENGTH DATA ELEMENTS--GENERAL INFORMATION
fixed length control field 140722b xxu||||| |||| 00| 0 eng d
020 ## - INTERNATIONAL STANDARD BOOK NUMBER
International Standard Book Number 9789848920169
040 ## - CATALOGING SOURCE
Transcribing agency 0
Modifying agency BD-DhUET
082 ## - DEWEY DECIMAL CLASSIFICATION NUMBER
Classification number 628
Item number TAN / 2013
100 ## - MAIN ENTRY--PERSONAL NAME
Personal name Tanveer Ferdous Saeed
245 ## - TITLE STATEMENT
Title Environmental sanitation, wastewater treatment and disposal
250 ## - EDITION STATEMENT
Edition statement 1st ed.
260 ## - PUBLICATION, DISTRIBUTION, ETC. (IMPRINT)
Place of publication, distribution, etc. Dhaka
Name of publisher, distributor, etc. University Grants Commission of Bangladesh
Date of publication, distribution, etc. 2013
300 ## - PHYSICAL DESCRIPTION
Extent xvi, 343p. :
504 ## - BIBLIOGRAPHY, ETC. NOTE
Bibliography, etc Includes bibliographies
650 #0 - SUBJECT ADDED ENTRY--TOPICAL TERM
Topical term or geographic name as entry element Environmental engineering
650 #0 - SUBJECT ADDED ENTRY--TOPICAL TERM
Topical term or geographic name as entry element Sanitation engineering
700 ## - ADDED ENTRY--PERSONAL NAME
Personal name Abdullah Al-Muyeed
700 ## - ADDED ENTRY--PERSONAL NAME
Personal name Tanvir Ahmed
942 ## - ADDED ENTRY ELEMENTS (KOHA)
Koha item type General Book
Holdings
Koha full call number Koha date last seen Koha date last borrowed Not for loan Koha normalized classification for sorting Koha issues (times borrowed) Koha item type Damaged status Withdrawn status Price effective from Source of classification or shelving scheme Date acquired Piece designation (barcode) Copy number Location (home branch) Sublocation or collection (holding branch) Shelving location Lost status
628/TAN/20132014-07-22  628TAN2013 General Book  2014-07-22 2014-07-221124481Central Library, BUETCentral Library, BUETCirculation section 
628/TAN/20132016-11-16  628TAN2013 General Book  2014-07-22 2014-07-221124492Central Library, BUETCentral Library, BUETCirculation section 
628/TAN/20132014-07-22  628TAN2013 General Book  2014-07-22 2014-07-221124503Central Library, BUETCentral Library, BUETCirculation section 
628/TAN/20132014-07-22  628TAN2013 General Book  2014-07-22 2014-07-221124514Central Library, BUETCentral Library, BUETCirculation section 
628/TAN/20132014-07-22  628TAN2013 General Book  2014-07-22 2014-07-221124525Central Library, BUETCentral Library, BUETCirculation section 
628/TAN/20132016-10-18  628TAN2013 General Book  2014-07-22 2014-07-221124536Central Library, BUETCentral Library, BUETCirculation section 
628/TAN/20132016-01-18  628TAN2013 General Book  2014-07-22 2014-07-221124547Central Library, BUETCentral Library, BUETCirculation section 
628/TAN/20132020-02-232020-02-18 628TAN20131General Book  2014-07-22 2014-07-221124558Central Library, BUETCentral Library, BUETCirculation section 
628/TAN/20132014-07-22  628TAN2013 General Book  2014-07-22 2014-07-221124569Central Library, BUETCentral Library, BUETCirculation section 
628/TAN/20132016-12-03  628TAN2013 General Book  2014-07-22 2014-07-2211245710Central Library, BUETCentral Library, BUETCirculation section